Normal view
MARC view
- Dawes, Chester L. (Chester Laurens)
Entry Personal Name
001 - CONTROL NUMBER
- control field: 41128
003 - CONTROL NUMBER IDENTIFIER
- control field: NUST
005 - DATE AND TIME OF LATEST TRANSACTION
- control field: 20210314131957.0
008 - FIXED-LENGTH DATA ELEMENTS
- fixed length control field: 210314|| aca||aabn | a|a d
040 ## - CATALOGING SOURCE
- Original cataloging agency: NUST
- Transcribing agency: NUST
100 ## - HEADING--PERSONAL NAME
- Personal name: Dawes, Chester L. (Chester Laurens)
670 ## - SOURCE DATA FOUND
- Source citation: Work cat.: (NUST): Dawes, Chester L. (Chester Laurens),, A course in electrical engineering., 1920-
